000 00605nam a2200205Ii 4500
003 JO-AjNU
008 230606s9999||||xx |||||||||||||| ||und||
017 _a2004/7/1613
040 _aJO-AjNU
_beng
_erda
_cJO-AjNU
041 _aeng
050 1 4 _aPE1130 2006
100 3 _aتاليف Khraisat, Hasan,
_eauthor
_92689
245 0 0 _aEnglish Grammar 4 all =قواعد اللغة الانجليزية للجميع
250 _a3ed
264 3 1 _aد.م:المؤلف,2004
300 _a299p
336 _atext
_btxt
_2rdacontent
337 _aunmediated
_bn
_2rdamedia
338 _avolume
_bnc
_2rdacarrier
999 _aE1405
_c1405
_d1405